កំរងរឿងនិទានអប់រំ សម្រាប់កុមារ ៦ : (Record no. 8758)

MARC details
000 -LEADER
fixed length control field 01378nam a22002897a 4500
001 - CONTROL NUMBER
control field 8758
003 - CONTROL NUMBER IDENTIFIER
control field FISKH
005 - DATE AND TIME OF LATEST TRANSACTION
control field 20251212103617.0
008 - FIXED-LENGTH DATA ELEMENTS--GENERAL INFORMATION
fixed length control field 251017b cb ||||| |||| 00| 0 eng d
020 ## - INTERNATIONAL STANDARD BOOK NUMBER
International Standard Book Number 9789995001476
040 ## - CATALOGING SOURCE
Original cataloging agency FISKH
Language of cataloging khr
Transcribing agency FISKH
Modifying agency FISKH
050 ## - LIBRARY OF CONGRESS CALL NUMBER
Classification number PZ7
082 ## - DEWEY DECIMAL CLASSIFICATION NUMBER
Classification number 895
100 ## - MAIN ENTRY--PERSONAL NAME
Personal name Sakal, Nguon
245 ## - TITLE STATEMENT
Title កំរងរឿងនិទានអប់រំ សម្រាប់កុមារ ៦ :
Statement of responsibility, etc. អ្នកនិពន្ធ អ្នកស្រី ងួន កុសល , អ្នករៀបរៀង អ៊ុំ បុប្ផា និង​លោក សេង តុងបុត្តា​
Remainder of title សត្វសេកនិងឥន្ទធនូ ឆ្លើយត្រូវបានហូប /
260 ## - PUBLICATION, DISTRIBUTION, ETC.
Place of publication, distribution, etc. ភ្នំពេញ :
Name of publisher, distributor, etc. គ្រឹះស្ថានបោះពុម្ពនិងចែកផ្សាយ ,
Date of publication, distribution, etc. ២០១២ .
300 ## - PHYSICAL DESCRIPTION
Extent 16 pages :
Other physical details color illustrations ;
Dimensions 17*18 cm .
490 ## - SERIES STATEMENT
Series statement កម្រងរឿងនិទានអប់រំសម្រាប់កុមារ​
Volume/sequential designation
505 ## - FORMATTED CONTENTS NOTE
Formatted contents note G <br/>
521 8# - TARGET AUDIENCE NOTE
Target audience note 380 <br/>
Source Lexile estimate <br/>
521 8# - TARGET AUDIENCE NOTE
Target audience note G <br/>
Source Raz-Plus <br/>
650 ## - SUBJECT ADDED ENTRY--TOPICAL TERM
Topical term or geographic name entry element សត្វសេក
Form subdivision រឿងនិទានកុមារ
650 ## - SUBJECT ADDED ENTRY--TOPICAL TERM
Topical term or geographic name entry element Parrot
Form subdivision Children's stories
700 ## - ADDED ENTRY--PERSONAL NAME
Personal name Visal, Seng
Relator term Illustrator
942 ## - ADDED ENTRY ELEMENTS (KOHA)
Source of classification or shelving scheme Dewey Decimal Classification
Koha item type Khmer Books
Suppress in OPAC No
Holdings
Withdrawn status Lost status Source of classification or shelving scheme Damaged status Not for loan Collection Home library Current library Shelving location Date acquired Total Checkouts Full call number Barcode Date last seen Copy number Price effective from Koha item type
    Dewey Decimal Classification     Khmer Language Books / សៀវភៅភាសាខ្មែរ Footprints International School Library Network Toul Tom Poung Campus Footprints International School Library Network Toul Tom Poung Campus TTP Primary Khmer Bookshelves 10/17/2025   SAK PZ7 895 FIS01579 10/17/2025 1 10/17/2025 Khmer Books
    Dewey Decimal Classification     Khmer Language Books / សៀវភៅភាសាខ្មែរ Footprints International School Library Network Toul Tom Poung Campus Footprints International School Library Network Toul Tom Poung Campus TTP Primary Khmer Bookshelves 12/11/2025   SAK PZ7 895 FIS02512 12/11/2025 2 12/11/2025 Khmer Books
    Dewey Decimal Classification     Khmer Language Books / សៀវភៅភាសាខ្មែរ Footprints International School Library Network Toul Tom Poung Campus Footprints International School Library Network Toul Tom Poung Campus TTP Primary Khmer Bookshelves 12/12/2025   SAK PZ7 895 FIS01742 12/12/2025 3 12/12/2025 Khmer Books
    Dewey Decimal Classification     Khmer Language Books / សៀវភៅភាសាខ្មែរ Footprints International School Library Network Toul Tom Poung Campus Footprints International School Library Network Toul Tom Poung Campus TTP Primary Khmer Bookshelves 12/12/2025   SAK PZ7 895 FIS04271 12/12/2025 4 12/12/2025 Khmer Books
    Dewey Decimal Classification     Khmer Language Books / សៀវភៅភាសាខ្មែរ Footprints International School Library Network Toul Tom Poung Campus Footprints International School Library Network Toul Tom Poung Campus TTP Primary Khmer Bookshelves 12/12/2025   SAK PZ7 895 FIS02482 12/12/2025 5 12/12/2025 Khmer Books